000 00893nam a2200253 a 4500
001 000007068
003 DO-SdBNP
005 20220426114001.0
007 ta
008 090904s1974 dr 000 0 spa d
040 _aDO-SdBNP
_bspa
_cBNPHU
082 4 _a346.72930438
_bB715L, 1974
_222
100 1 _aBonilla Atiles, J. A.
_919650
245 1 0 _aLegislación de tierras dominicana :
_bel sistema Torrens /
_cJosé Antonio Bonilla Atiles.
250 _a2a ed.
260 _aSanto Domingo :
_bLibrería Dominicana,
_c1974.
300 _aiii, 555 p. ;
_c24 cm.
505 0 _aDel sistema Torrens en general -- Legislación anterior al sistema Torrens.
590 _aInventariado 2022/BT
650 4 _aRegistro de la propiedad
_zRepública Dominicana
_98463
650 4 _aSistema de torres
_zRepública Dominicana
_919651
910 _aValidado. Control de calidad. MMOLINA
942 _2ddc
_cLBS1
999 _c6851
_d6851